000 00514nam a22001697a 4500
999 _c5651
_d5651
003 OSt
005 20190108165323.0
008 190108b ||||| |||| 00| 0 eng d
040 _cDLC
082 _a262.1
_bS956N
100 _aSumrall, Ken.
245 _aNew Wine Bottles :
_bA Handbook on Practical Church Order and Committed Relationships /
_cKen Sumrall.
260 _aPensacola, Florida :
_bLiberty Creative Press ,
_cc1976.
300 _a212 p.:
650 _aLiberty Church.
_xPrayer groups.
942 _2ddc
_cBK